00882nam a2200193 i 450000100060000000300090000600500170001500700030003200800410003510000350007624501970011125000150030826001260032330000200044950501010046961000450057071000530061585200200066832921ES-MaACL20230906154650.0t|030131s1949 sp ||||1| spa d1 aBermúdez Plata, Cristóbal.10aCatálogo de documentos de la sección novena del Archivo General de Indias / credactado por el personal facultativo bajo la dirección del director del mismo Cristóbal Bermúdez Plata. a[1ª ed.]. aSevilla : bConsejo Superior de Investigaciones Científicas, Escuela de Estudios Hispano-Americanos de Sevilla, c1949. a1 v. ; c24 cm.8 aContiene: V. I: Series 1ª y 2ª: Santo Domingo, Cuba, Puerto Rico, Luisiana, Florida y México24aArchivo General de Indias-xCatálogos.2 aEscuela de Estudios Hispano-Americanos (Sevilla) aES-MaACLjP-986